书目信息 |
| 题名: |
湿法冶金电极新材料制备技术及应用
|
|
| 作者: | 郭忠诚 , 陈步明 , 黄惠 著 | |
| 分册: | ||
| 出版信息: | 北京 冶金工业出版社 2016 |
|
| 页数: | 322页 | |
| 开本: | 24cm | |
| 丛书名: | ||
| 单 册: | ||
| 中图分类: | TF111.3 | |
| 科图分类: | ||
| 主题词: | 湿法冶金--shi fa ye jin--电极--材料制备--研究 | |
| 电子资源: | ||
| ISBN: | 978-7-5024-7178-1 | |
| 000 | 01148nam0 2200265 450 | |
| 001 | 2354039901 | |
| 005 | 20231212150053.08 | |
| 010 | @a978-7-5024-7178-1@dCNY58.00 | |
| 100 | @a20160412d2016 em y0chiy50 ea | |
| 101 | 0 | @achi |
| 102 | @aCN@b110000 | |
| 105 | @aak a 000yy | |
| 200 | 1 | @a湿法冶金电极新材料制备技术及应用@Ashi fa ye jin dian ji xin cai liao zhi bei ji shu ji ying yong@f郭忠诚 ... [等] 著 |
| 210 | @a北京@c冶金工业出版社@d2016 | |
| 215 | @a322页@c图@d24cm | |
| 304 | @a题名页题: 郭忠诚, 陈步明, 黄惠, 陈阵著 | |
| 320 | @a有书目 | |
| 330 | @a湿法冶金在提取有色及稀有金属的冶炼技术中占有越来越重的地位。电极材料是整个电解过程的核心主题。本书作者是根据近10年对湿法冶金工业用电极材料的研究成果为基础, 系统地介绍铅基合金电极、铝基铅合金电极、钛基涂层电极的制备方法、电催化机制、电化学性能及相关的应用; 同时也介绍了湿法冶金用电极的发展现状和相关的基础理论。 | |
| 606 | 0 | @a湿法冶金@Ashi fa ye jin@x电极@x材料制备@x研究 |
| 690 | @aTF111.3@v5 | |
| 701 | 0 | @a郭忠诚@Aguo zhong cheng@4著 |
| 701 | 0 | @a陈步明@Achen bu ming@4著 |
| 701 | 0 | @a黄惠@Ahuang hui@4著 |
| 801 | 0 | @aCN@b湖北三新@c20160412 |
| 905 | @aZUCC@dTF111.3@e1 | |
| 湿法冶金电极新材料制备技术及应用/郭忠诚 ... [等] 著.-北京:冶金工业出版社,2016 |
| 322页:图;24cm |
| ISBN 978-7-5024-7178-1:CNY58.00 |
| 湿法冶金在提取有色及稀有金属的冶炼技术中占有越来越重的地位。电极材料是整个电解过程的核心主题。本书作者是根据近10年对湿法冶金工业用电极材料的研究成果为基础, 系统地介绍铅基合金电极、铝基铅合金电极、钛基涂层电极的制备方法、电催化机制、电化学性能及相关的应用; 同时也介绍了湿法冶金用电极的发展现状和相关的基础理论。 |
| ● |
| 相关链接 |
|
|
|
正题名:湿法冶金电极新材料制备技术及应用
索取号:TF111.3/1
 
预约/预借
| 序号 | 登录号 | 条形码 | 馆藏地/架位号 | 状态 | 备注 |
| 1 | 2001460766 | 2001460766 | 602书库/ [索取号:TF111.3/1] | 在馆 | |
| 2 | 2001460767 | 2001460767 | 602书库/ [索取号:TF111.3/1] | 在馆 | |
| 3 | 2001460768 | 2001460768 | 602书库/ [索取号:TF111.3/1] | 在馆 | |
| 4 | 2001460769 | 2001460769 | 602书库/ [索取号:TF111.3/1] | 在馆 | |
| 5 | 2001460770 | 2001460770 | 602书库/ [索取号:TF111.3/1] | 在馆 | |
| 6 | 2001460771 | 2001460771 | 602书库/ [索取号:TF111.3/1] | 在馆 | |
| 7 | 2001460772 | 2001460772 | 602书库/ [索取号:TF111.3/1] | 在馆 | |
| 8 | 2001460773 | 2001460773 | 602书库/ [索取号:TF111.3/1] | 在馆 | |
| 9 | 2001460774 | 2001460774 | 602书库/ [索取号:TF111.3/1] | 在馆 | |
| 10 | 2001460775 | 2001460775 | 213主题书屋/213室1架2层1列/ [索取号:TF111.3/1] | 在馆 | |
| 11 | 2001460776 | 2001460776 | 213主题书屋/213室1架2层1列/ [索取号:TF111.3/1] | 在馆 | |
| 12 | 2001460777 | 2001460777 | 213主题书屋/213室1架2层1列/ [索取号:TF111.3/1] | 在馆 | |
| 13 | 2001460778 | 2001460778 | 213主题书屋/213室1架2层1列/ [索取号:TF111.3/1] | 在馆 | |
| 14 | 2001460779 | 2001460779 | 213主题书屋/213室1架2层1列/ [索取号:TF111.3/1] | 在馆 | |
| 15 | 2001460780 | 2001460780 | 213主题书屋/213室1架2层1列/ [索取号:TF111.3/1] | 在馆 | |
| 16 | 2001460781 | 2001460781 | 218书库/ [索取号:TF111.3/1] | 在馆 | |
| 17 | 2001460782 | 2001460782 | 218书库/ [索取号:TF111.3/1] | 在馆 | |
| 18 | 2001460783 | 2001460783 | 218书库/ [索取号:TF111.3/1] | 在馆 | |
| 19 | 2001460784 | 2001460784 | 218书库/ [索取号:TF111.3/1] | 在馆 | |
| 20 | 2001460785 | 2001460785 | 218书库/ [索取号:TF111.3/1] | 在馆 | |
| 21 | 2001460786 | 2001460786 | 218书库/ [索取号:TF111.3/1] | 在馆 | |
| 22 | 2001460787 | 2001460787 | 602书库/ [索取号:TF111.3/1] | 在馆 | |
| 23 | 2001460788 | 2001460788 | 602书库/ [索取号:TF111.3/1] | 在馆 | |
| 24 | 2001460789 | 2001460789 | 602书库/ [索取号:TF111.3/1] | 在馆 | |
| 25 | 2001460790 | 2001460790 | 602书库/ [索取号:TF111.3/1] | 在馆 | |
| 26 | 2001460791 | 2001460791 | 602书库/ [索取号:TF111.3/1] | 在馆 | |
| 27 | 2001460792 | 2001460792 | 602书库/ [索取号:TF111.3/1] | 在馆 | |
| 28 | 2001460793 | 2001460793 | 602书库/ [索取号:TF111.3/1] | 在馆 | |
| 29 | 2001460794 | 2001460794 | 602书库/ [索取号:TF111.3/1] | 在馆 | |
| 30 | 2001460795 | 2001460795 | 602书库/ [索取号:TF111.3/1] | 在馆 |